000 00529nam a2200181Ia 4500
008 151018s9999 xx 000 0 und d
082 _bRBASDV2862
_a891.463
100 _aय दि पेंढारकर
245 _aवनवास
250 _b1
260 _bकुलकर्णी पंडित अनंत
300 _a108
600 _aय दि पेंढारकर
630 _aवनवास
700 _aय दि पेंढारकर
730 _aवनवास
942 _cBOOK
999 _c1005277
_d1005274